Textbook of medical biochemistry (Record no. 360917)

MARC details
000 -LEADER
fixed length control field 00479 a2200181 4500
005 - DATE & TIME
control field 20250505123504.0
008 - FIXED-LENGTH DATA ELEMENTS--GENERAL INFORMATION
fixed length control field 250505b |||||||| |||| 00| 0 eng d
020 ## - ISBN
International Standard Book Number 9788119613410
Price Rs. 495.00
040 ## - CATALOGING SOURCE
Original cataloging agency VIVEKANANDA LIBRARY
082 ## - DDC NUMBER
Classification number 572
Book Number S64T
100 ## - MAIN ENTRY--PERSONAL NAME
Personal name Singh, Amit Kumar
245 ## - TITLE STATEMENT
Title Textbook of medical biochemistry
260 ## - PUBLICATION, DISTRIBUTION, ETC. (IMPRINT)
Name of publisher, distributor, etc IP Innovative Publication
Date of publication, distribution, etc 2024
Place of publication, distribution, etc New Delhi
300 ## - PHYSICAL DESCRIPTION
Pages xi, 253
650 ## - Subject
Subject Biochemistry
650 ## - Subject
Subject Medical Biochemistry
942 ## - ADDED ENTRY ELEMENTS (KOHA)
Koha item type Books
Holdings
Withdrawn status Lost status Source of classification or shelving scheme Damaged status Not for loan Location (home branch) Sublocation or collection (holding branch) Shelving location Date acquired Koha issues (times borrowed) Koha full call number Accession No. Koha date last seen Koha item type
    Dewey Decimal Classification     VIVEKANANDA LIBRARY VIVEKANANDA LIBRARY Vivekananda Library 22/01/2025 1 572 S64T 441794 02/04/2026 Books
© Designed and Maintained by Vivekananda Library, MDU Rohtak